[Event "Bezmerov Bastinec Memorial-A"]
[Site "Bezmerov"]
[Date "2019.01.25"]
[Round "1"]
[White "Habinova, Alice"]
[Black "Hradsky, Ales"]
[Result "0-1"]
[WhiteElo "1429"]
[BlackElo "1813"]
[PlyCount "134"]
[EventDate "2019.01.25"]
[EventType "swiss"]
[EventRounds "5"]
[EventCountry "CZE"]
[SourceTitle "CBM 188 Extra"]
[Source "ChessBase"]
[SourceDate "2019.02.28"]
[SourceVersion "1"]
[SourceVersionDate "2019.02.28"]
[SourceQuality "1"]

1. e4 c6 2. d4 d5 3. exd5 cxd5 4. c4 Nc6 5. Nf3 Nf6 6. Nc3 Bg4 7. Be3 e6 8. cxd5 exd5 9. Be2 Bd6 10. 0-0 0-0 11. Qd2 a6 12. Bg5 Bc7 13. h3 Be6 14. Rac1 Kh8 15. Rfe1 Rg8 16. Bd3 Qd6 17. Ne5 Nd7 18. Qf4 Ndxe5 19. dxe5 Nxe5 20. Bxh7 Kxh7 21. Qh4+ Kg6 22. Be7 Nf3+ 23. gxf3 Qh2+ 24. Kf1 Qxh3+ 25. Qxh3 Bxh3+ 26. Kg1 Bf4 27. Rcd1 Be6 28. Nxd5 Bxd5 29. Rxd5 Rac8 30. Rd7 Rc7 31. Red1 Rgc8 32. Kg2 Rxd7 33. Rxd7 Rc7 34. Rd4 Rxe7 35. Rxf4 f5 36. Kf1 Kf6 37. Rb4 b5 38. Rd4 Ke5 39. Rd3 Rc7 40. b4 g5 41. Rd2 Rc4 42. Rb2 Rc3 43. Ke2 Kf4 44. Rb3 Rc2+ 45. Kf1 Rxa2 46. Kg2 Rc2 47. Kf1 Ke5 48. Ra3 Rb2 49. Rxa6 Rxb4 50. Ra8 Kd4 51. Rf8 f4 52. Rg8 Rc4 53. Rxg5 b4 54. Ke1 Kc3 55. Kd1 b3 56. Kc1 Kd3+ 57. Kb2 Rc2+ 58. Kxb3 Rxf2 59. Rd5+ Ke3 60. Re5+ Kxf3 61. Kc3 Re2 62. Rg5 Kf2 63. Kd3 Re8 64. Rd5 f3 65. Kd2 Kf1 66. Kd1 f2 67. Rd7 Rg8 0-1

[Event "CZE-ch U12 Girls"]
[Site "Kouty nad Desnou"]
[Date "2017.03.12"]
[Round "2"]
[White "Voriskova, Anna"]
[Black "Habinova, Alice"]
[Result "0-1"]
[WhiteElo "1080"]
[BlackElo "1395"]
[PlyCount "68"]
[EventDate "2017.03.11"]
[EventType "swiss"]
[EventRounds "9"]
[EventCountry "CZE"]
[SourceTitle "CBM 177 Extra"]
[Source "ChessBase"]
[SourceDate "2017.04.27"]
[SourceVersion "1"]
[SourceVersionDate "2017.04.27"]
[SourceQuality "1"]

1. e4 e5 2. Nf3 Nc6 3. Bb5 f5 4. exf5 e4 5. Bxc6 dxc6 6. Ng1 Nf6 7. Nc3 Bxf5 8. Nge2 Bc5 9. b3 Qe7 10. Ng3 Bg4 11. Nge2 0-0-0 12. 0-0 e3 13. fxe3 Bxe3+ 14. Kh1 Bd4 15. Re1 Rhe8 16. Bb2 Bxc3 17. Bxc3 Bxe2 18. Qc1 Qc5 19. Qb2 Ng4 20. d4 Qh5 21. h3 Qh6 22. Qc1 Nf2+ 23. Kg1 Nxh3+ 24. gxh3 Qxh3 25. Qg5 Re3 26. Qg2 Rg3 27. Rxe2 Rxg2+ 28. Rxg2 Qxc3 29. Rf1 Qxd4+ 30. Kh1 Rd5 31. Rf8+ Kd7 32. Rf7+ Ke6 33. Rfxg7 Rh5+ 34. Rh2 Rxh2+ 0-1

[Event "CZE-ch U12 Girls"]
[Site "Kouty nad Desnou"]
[Date "2017.03.11"]
[Round "1"]
[White "Habinova, Alice"]
[Black "Nespora, Tatana"]
[Result "0-1"]
[WhiteElo "1395"]
[BlackElo "1164"]
[PlyCount "42"]
[EventDate "2017.03.11"]
[EventType "swiss"]
[EventRounds "9"]
[EventCountry "CZE"]
[SourceTitle "CBM 177 Extra"]
[Source "ChessBase"]
[SourceDate "2017.04.27"]
[SourceVersion "1"]
[SourceVersionDate "2017.04.27"]
[SourceQuality "1"]

1. e4 e5 2. Nf3 Nc6 3. Bb5 a6 4. Ba4 Nf6 5. d4 exd4 6. e5 Ng4 7. 0-0 Be7 8. Bf4 f6 9. Re1 0-0 10. Nbd2 fxe5 11. Bxe5 Ngxe5 12. Nxe5 Nxe5 13. Rxe5 d6 14. Re1 Bh4 15. Nf3 Bg4 16. Qxd4 Bxf3 17. gxf3 Qg5+ 18. Kh1 Qh5 19. Kg1 Rxf3 20. Rf1 Raf8 21. Qd1 Qg4+ 0-1

[Event "CZE-ch U10 Girls"]
[Site "Kouty nad Desnou"]
[Date "2015.03.08"]
[Round "2"]
[White "Lhotska, Anna"]
[Black "Habinova, Alice"]
[Result "1-0"]
[WhiteElo "1354"]
[BlackElo "1181"]
[PlyCount "45"]
[EventDate "2015.03.07"]
[EventType "swiss"]
[EventRounds "9"]
[EventCountry "CZE"]
[SourceTitle "EXT 2017"]
[Source "ChessBase"]
[SourceDate "2016.10.25"]
[SourceVersion "1"]
[SourceVersionDate "2016.10.25"]
[SourceQuality "1"]

1. e4 c5 2. Nf3 e6 3. d4 cxd4 4. Nxd4 Nc6 5. Nc3 Nf6 6. Be3 Bb4 7. f3 e5 8. Nb3 d5 9. a3 Bxa3 10. Rxa3 d4 11. Bd2 dxc3 12. Bxc3 0-0 13. Bd3 Be6 14. 0-0 Qd7 15. Nc5 Qd6 16. Nxe6 Qxe6 17. f4 exf4 18. Rxf4 Rfd8 19. Qf3 Ne8 20. b3 Rd6 21. Bc4 Qd7 22. Rxf7 Qd8 23. Rf8# 1-0

[Event "Brno Duras op-B"]
[Site "Brno"]
[Date "2014.07.04"]
[Round "7"]
[White "Habinova, Alice"]
[Black "Ivanov, Alexandr"]
[Result "1-0"]
[WhiteElo "1061"]
[BlackElo "1000"]
[PlyCount "69"]
[EventDate "2014.06.28"]
[EventType "swiss"]
[EventRounds "9"]
[EventCountry "CZE"]
[SourceTitle "EXT 2017"]
[Source "ChessBase"]
[SourceDate "2016.10.25"]
[SourceVersion "1"]
[SourceVersionDate "2016.10.25"]
[SourceQuality "1"]

1. e4 c5 2. Nf3 Nc6 3. d4 cxd4 4. Nxd4 Nf6 5. Nc3 d6 6. Be3 e6 7. Bd3 Bd7 8. 0-0 Be7 9. h3 0-0 10. Qf3 Rc8 11. Qg3 Nh5 12. Qf3 g6 13. Bh6 Re8 14. Qe3 Nxd4 15. Qxd4 b6 16. Be2 f6 17. Nb5 a6 18. Nxd6 Rf8 19. Bxf8 Qxf8 20. Nxc8 Qxc8 21. Rad1 Bc6 22. Qxb6 Be8 23. Qb3 Kf7 24. Rfe1 h6 25. Bxh5 gxh5 26. e5 fxe5 27. Rxe5 Bd7 28. Qf3+ Bf6 29. Qxh5+ Ke7 30. Re4 Be8 31. Qxh6 Bf7 32. Rf4 Bg6 33. Qxg6 Qf8 34. Qh7+ Ke8 35. Qd7# 1-0

[Event "Brno Duras op-B"]
[Site "Brno"]
[Date "2014.07.02"]
[Round "5"]
[White "Habinova, Alice"]
[Black "Ivan, Laszlo"]
[Result "0-1"]
[WhiteElo "1061"]
[BlackElo "1123"]
[PlyCount "98"]
[EventDate "2014.06.28"]
[EventType "swiss"]
[EventRounds "9"]
[EventCountry "CZE"]
[SourceTitle "EXT 2017"]
[Source "ChessBase"]
[SourceDate "2016.10.25"]
[SourceVersion "1"]
[SourceVersionDate "2016.10.25"]
[SourceQuality "1"]

1. e4 e5 2. Nf3 Nc6 3. d4 exd4 4. Nxd4 Nf6 5. Nxc6 dxc6 6. Qxd8+ Kxd8 7. e5 Ng4 8. Bg5+ Be7 9. Bxe7+ Kxe7 10. f4 Rd8 11. h3 Ne3 12. Nc3 Nxc2+ 13. Kf2 Nxa1 14. g4 Nc2 15. Bc4 Rd2+ 16. Kg3 Be6 17. Be2 Bxa2 18. Rh2 Bb3 19. f5 Rad8 20. f6+ gxf6 21. exf6+ Kf8 22. g5 Nd4 23. h4 Nxe2+ 24. Nxe2 Bc4 25. Kf3 Bxe2+ 26. Rxe2 Rxe2 27. Kxe2 Rd4 28. h5 Rd5 29. g6 fxg6 30. hxg6 hxg6 31. f7 Kxf7 32. Ke3 Ke6 33. Ke4 Re5+ 34. Kd4 Rh5 35. Kc4 Kd6 36. Kd4 Rh4+ 37. Kc3 Kd5 38. b4 c5 39. b5 c6 40. bxc6 bxc6 41. Kb3 a6 42. Ka3 Rb4 43. Ka2 Kc4 44. Ka3 a5 45. Ka2 Rb3 46. Ka1 Rh3 47. Ka2 Kb4 48. Ka1 Kb3 49. Kb1 Rh1# 0-1

[Event "Brno Duras op-B"]
[Site "Brno"]
[Date "2014.07.01"]
[Round "4"]
[White "Habinova, Alice"]
[Black "Koci, Tomas"]
[Result "0-1"]
[WhiteElo "1061"]
[BlackElo "1364"]
[PlyCount "55"]
[EventDate "2014.06.28"]
[EventType "swiss"]
[EventRounds "9"]
[EventCountry "CZE"]
[SourceTitle "EXT 2017"]
[Source "ChessBase"]
[SourceDate "2016.10.25"]
[SourceVersion "1"]
[SourceVersionDate "2016.10.25"]
[SourceQuality "1"]

1. e4 e6 2. d4 d5 3. exd5 exd5 4. c4 c6 5. Nc3 Nf6 6. Bd3 Be6 7. Nf3 Nbd7 8. b3 Bb4 9. Bd2 0-0 10. 0-0 Re8 11. Qc2 Rc8 12. Ng5 Nf8 13. a3 Bxc3 14. Bxc3 c5 15. dxc5 Rxc5 16. Bxf6 Qxf6 17. Nxh7 Nxh7 18. Bxh7+ Kh8 19. Rfe1 g6 20. Qd2 Kxh7 21. cxd5 Rxd5 22. Qe3 b6 23. Qe4 Red8 24. g3 Kg7 25. Qc2 Rd2 26. Qc7 Qxf2+ 27. Kh1 Bd5+ 28. Re4 0-1